| 000 | 01287nam a22002897a 4500 | ||
|---|---|---|---|
| 003 | OSt | ||
| 005 | 20250416092615.0 | ||
| 008 | 200204s2012 ck ||||er|||| 00| f spa d | ||
| 020 | _a9789584231604 | ||
| 040 |
_aCO-JMCR _cCO-JMCR |
||
| 041 | 0 | _aspa | |
| 082 |
_aA-N _bMENc1 |
||
| 100 | 1 |
_aMendoza, Mario, _eautor _9172 |
|
| 245 | 1 | 0 |
_aCobro de sangre / _cMario Mendoza |
| 260 |
_aBogotá : _bPlaneta, _c@2012 |
||
| 300 |
_a333 páginas ; _c19 cm. |
||
| 490 | 0 | _aPlaneta contemporaneo. Planeta lector | |
| 500 | _aIncluye datos biográficos del autor. | ||
| 505 | 0 | _aUn niño escondido en la oscuridad -- El terrorista -- El atentado -- Una víctima inesperada -- Efraín Espitia -- Un mapa sensorial -- Prisionero 212 -- El vagabundo -- El mar y el desierto | |
| 520 | _aSamuel Sotomayor tiene una deuda pendiente: sus padres fueron asesinados y él debe encontrar a los homicidas. Al lograr su venganza, en la que involucra a más de un amigo, comprenderá que ésta carece de sentido y que, en lugar de hallar sosiego, podrá perder hasta su vida. | ||
| 650 | 1 | 4 |
_aNovela colombiana _925 |
| 650 | 1 | 4 |
_aViolencia política _xnovela _zColombia _9173 |
| 650 | 1 | 4 |
_aVenganza _xnovela _9174 |
| 650 | 1 | 4 |
_aHomicidio _xnovela _9174 |
| 650 | 1 | 4 |
_aMuerte _xnovela _9174 |
| 942 |
_2ddc _cBK |
||
| 999 |
_c6433 _d6433 |
||